| 000 | 00997nam a22002177a 4500 | ||
|---|---|---|---|
| 999 |
_c22471 _d22471 |
||
| 003 | AR-CdUCM | ||
| 008 | 190319b ||||| |||| 00| 0 spa d | ||
| 020 | _a9786123153786 | ||
| 040 |
_aMUNICIPALIDAD PROVINCIAL DEL CUSCO _cBIBLIOTECA MUNICIPAL DEL CUSCO |
||
| 082 |
_a511.3/C6 _bC6 _22a ed., 2a reimpr. |
||
| 245 |
_aCompendio de razonamiento matemático / _c[asesoría académica, Salvador Timoteo] |
||
| 260 |
_aLima : _bEdit. San Marcos, _c2019. |
||
| 300 |
_a656 páginas. : _bilustraciones ; _c24 cm. |
||
| 500 | _a"Más de 4500 problemas propuestos y resueltos con claves de respuestas. Desarrollo didáctico del curso. Simulacros tipo admisión"--Cubierta. "Además, descárgate el banco de ejercicios virtual con más de 500 problemas"--Cubierta. | ||
| 650 |
_aRazonamiento matemático _928156 |
||
| 650 |
_aProblemas, ejercicios, etc _925134 |
||
| 650 |
_aEstudio y enseñanza _92610 |
||
| 700 |
_aTimoteo Valentín, Salvador _easesor _948277 |
||
| 942 |
_2ddc _cLIBROS |
||
| 945 | _arac | ||